Crónicas de Ortigueira / (Record no. 158404)

MARC details
000 -LEADER
campo de control de longitud fija 00604nam a2200169 i 4500
001 - NÚMERO DE CONTROL
campo de control 158404
003 - IDENTIFICADOR DE NÚMERO DE CONTROL
campo de control ES-MaACL
005 - FECHA Y HORA DE LA ÚLTIMA TRANSACCIÓN
campo de control 20230906211134.0
008 - DATOS DE LONGITUD FIJA--INFORMACIÓN GENERAL
campo de control de longitud fija 950111s1892 sp |||| | spa d
100 1# - ENTRADA PRINCIPAL--NOMBRE DE PERSONA
Nombre de persona Maciñeira Pardo-de-Lama, Federico.
9 (RLIN) 212817
245 10 - MENCIÓN DEL TÍTULO
Título Crónicas de Ortigueira /
Mención de responsabilidad, etc. Federico Maciñeira y Pardo.
260 ## - PUBLICACIÓN, DISTRIBUCIÓN, ETC.
Lugar de publicación, distribución, etc. La Coruña :
Nombre del editor, distribuidor, etc. [s.n.],
Fecha de publicación, distribución, etc. 1892 (
Fabricante Estab. Tip. de La Voz de Galicia, a cargo de Jose M. Márquez)
300 ## - DESCRIPCIÓN FÍSICA
Extensión XVIII, 332 p. ;
Dimensiones 18 cm.
651 #4 - PUNTO DE ACCESO ADICIONAL DE MATERIA--NOMBRE GEOGRÁFICO
Nombre geográfico Santa Marta de Ortigueira-
Subdivisión general Descripción.
9 (RLIN) 169595
852 ## - LOCALIZACIÓN
Ubicación ES-MaACL
Número de control de estantería G-1314
Nota libre - Enc. hol.
Holdings
Estatus retirado Estado de pérdida Estado de daño No para préstamo Colección Biblioteca de origen Biblioteca actual Ubicación en estantería Fecha de adquisición Fuente de adquisición Total de préstamos Signatura topográfica completa Código de barras Visto por última vez Precio de reemplazo Tipo de ítem Koha
        Libros del s. XIX Biblioteca del Ateneo de Madrid Biblioteca del Ateneo de Madrid Depósito 2 17/01/2008     G-1314 1165789 23/02/2023 23/02/2023 Libro impreso antiguo